MARC

LEADER 00000nam0a2200000 4500
001 126020
005 20231031131710.0
035 |a (RuTPU)RU\TPU\book\136341 
090 |a 126020 
100 |a 20071123d1976 k y0rusy50 ca 
101 0 |a rus 
102 |a RU 
105 |a y z 001zy 
200 1 |a "Третий мир ": общество, власть, армия  |f Г. И. Мирский  |g Академия наук СССР (АН СССР), Институт мировой экономики и международных отношений (ИМЭМО) 
210 |a Москва  |c Наука  |d 1976 
215 |a 408 с. 
320 |a Библиография в примечаниях. 
610 1 |a развивающиеся страны 
610 1 |a армия 
610 1 |a политика 
610 1 |a вооруженные силы 
686 |a Ф3(0,7)4  |2 rubbk 
700 1 |a Мирский  |b Г. И.  |g Георгий Ильич 
712 0 2 |a Академия наук СССР (АН СССР)  |b Институт мировой экономики и международных отношений (ИМЭМО)  |c (Москва)  |2 stltpush  |3 (RuTPU)RU\TPU\col\11484 
801 1 |a RU  |b 63413507  |c 20071123  |g PSBO 
801 2 |a RU  |b 63413507  |c 20180924  |g PSBO 
942 |c BK